000 00400 a2200097 4500
245 0 0 _aLakiery elektroizolacyjne - Metody badań. Sprawdzanie odporności na olej transformatorowy PN-85/E-04410.18 /
_cInstytut Elektrtechniki O/Wrocław.
246 1 3 _aPN-85/E-04410.18
246 1 3 _a667.637.4:621.315.617.4
260 _aWarszawa :
_bInstytut Elektrtechniki O/Wrocław,
_c1985.
300 _a1 stron ;
_c30 cm.
650 _aPolska norma
999 _c19050
_d19050